Stopnie Funkcyjne Ochotniczej Straży Pożarnej - OSP - Statystyki

Ogólne statystyki
  • Ten quiz został rozwiązany 329 razy
  • Średni wynik to 9 z 13
Statystyki odpowiedzi
Obrazkowy Odpowiedź % Poprawnych
Strażak
99%
Starszy Strażak
96%
Wiceprezes, Naczelnik
83%
Prezes
81%
Dowódca Roty
73%
Członek Komisji Rewizyjnej
69%
Członek Zarządu
67%
Dowódca Plutonu
65%
Dowódca Sekcji
64%
Zastępca Naczelnika
62%
Przewodniczący Komisji Rewizyjnej
60%
Pomocnik Dowódcy Plutonu
57%
Pomocnik Dowódcy Sekcji
54%
Nie znaleziono quizów pasujących do podanych kryteriów
Rozkład punktacji
Procent ludzi z każdym wynikiem
Percentyl według liczby udzielonych odpowiedzi
Twoja historia wyników
Nie rozwiązałeś tego quizu